Handels-Geographie auf Grundlage der neuesten Forschungen und Ergebnisse der Statistik

Uložené v:
Podrobná bibliografia
Médium: Kniha
Jazyk:German
Vydavateľské údaje: Wien A. Hölder 1871
Tagy: Pridať tag
Žiadne tagy, Buďte prvý, kto otaguje tento záznam!

MARC

LEADER 00000nam a2200000 4500
001 0307316
005 20250226094508.5
041 0 |a ger 
044 |a AT 
245 1 0 |a Handels-Geographie auf Grundlage der neuesten Forschungen und Ergebnisse der Statistik  |c Carl Zehden 
264 1 |a Wien  |b A. Hölder  |c 1871